Φορτώνει......
Wiley verbal ability and reasoning
| Κύριος συγγραφέας: | |
|---|---|
| Άλλοι συγγραφείς: | |
| Μορφή: | Printed Book |
| Έκδοση: |
New Delhi
Wiley
2016
|
| LEADER | 00441nam a2200145 4500 | ||
|---|---|---|---|
| 020 | |a 9788126554294 | ||
| 082 | |a 153.43 |b ANA/W | ||
| 100 | |a Anand, P A | ||
| 245 | |a Wiley verbal ability and reasoning | ||
| 260 | |a New Delhi |b Wiley |c 2016 | ||
| 300 | |a 430p | ||
| 700 | |a Lalit Singh | ||
| 942 | |c CC | ||
| 999 | |c 56800 |d 56800 | ||
| 952 | |0 0 |1 0 |4 0 |6 153_430000000000000_ANAW |7 0 |9 63863 |a KUCL |c Reference |d 2019-03-27 |l 0 |o 153.43 ANA/W |p 48424 |r 2019-03-27 |w 2019-03-27 |y CC | ||